[Event "Open NOR-ch"]
[Site "Oslo NOR"]
[Date "2006.04.15"]
[Round "8"]
[White "Skrondal,I"]
[Black "Myhrvold,R"]
[Result "1/2-1/2"]
[WhiteElo "2090"]
[BlackElo "2155"]

1.d4 d5 2.Nf3 Nf6 3.c4 dxc4 4.e3 e6 5.Bxc4 c5 6.O-O a6 7.a4 Nc6 8.Qe2 Qc7
9.b3 cxd4 10.exd4 Be7 11.Nbd2 O-O 12.Bb2 Rd8 13.Rfd1 Qb6 14.Bd3 Bd7 15.Rac1 Na5
16.Nc4 Nxc4 17.Bxc4 Bc6 18.Ne5 Bd5 19.Rd3 Rac8 20.Rh3 Qb4 21.Bc3 Bxc4 22.bxc4 Qxa4
23.Qb2 Qa3 24.Qc2 Qd6 25.g4 h6 26.g5 hxg5 27.Rh8+ Kxh8 28.Nxf7+ Kg8 29.Nxd6 Bxd6
30.Qb3 Bf4 31.Re1 Re8 32.Bb2 Rc7 33.Bc1 Bxc1 34.Rxc1 b5 35.c5 Nd5 36.Qg3 b4  1/2-1/2

[Event "TCh-NED 2005-6"]
[Site "Netherlands NED"]
[Date "2006.04.23"]
[Round "9"]
[White "Richter,Ch"]
[Black "Cardon,H"]
[Result "1/2-1/2"]
[WhiteElo "2431"]
[BlackElo "2397"]

1.d4 d5 2.Nf3 Nf6 3.c4 dxc4 4.e3 e6 5.Bxc4 c5 6.O-O a6 7.Bb3 Nc6 8.Nc3 b5
9.Qe2 Bb7 10.Rd1 Na5 11.Bc2 cxd4 12.exd4 Be7 13.Ne5 Rc8 14.Bg5 Nd5 15.Qh5 g6
16.Bxg6 fxg6 17.Nxg6 hxg6 18.Qxh8+ Kd7 19.Qg7 Qh8 20.Qxh8 Rxh8 21.Bxe7 Kxe7
22.Ne4 Nf4 23.f3 Nc4 24.b3 Ne3 25.Rd2 Bxe4 26.fxe4 Rc8 27.Rf2 g5 28.Re1 Rc3
29.h3 b4 30.Rd2 Rc2 31.Rxc2 Nxc2 32.Rd1 Ne2+ 33.Kh2 Nc3 34.Rd3 Nxa2  1/2-1/2

[Event "2nd Halkidiki Open"]
[Site "Kalithea GRE"]
[Date "2006.04.30"]
[Round "8"]
[White "Ntiloudi,D"]
[Black "Andronis,V"]
[Result "1/2-1/2"]
[WhiteElo "1906"]
[BlackElo "2069"]

1.d4 d5 2.c4 dxc4 3.Nf3 Nf6 4.e3 e6 5.Bxc4 c5 6.O-O a6 7.Bb3 Nc6 8.Qe2 cxd4
9.Rd1 Be7 10.exd4 O-O 11.Nc3 Na5 12.Bc2 b5 13.Ne5 Bb7 14.Bg5 Rc8 15.Bxf6 Bxf6
16.Ne4 Bxe4 17.Bxe4 g6 18.b4 Nc4 19.Bb7 Rb8 20.Bxa6 Bxe5 21.Bxb5 Bxh2+ 22.Kxh2 Qd6+
23.Kg1 Rxb5 24.Qxc4  1/2-1/2

[Event "WSB Masters"]
[Site "Wroclaw POL"]
[Date "2006.04.30"]
[Round "6"]
[White "Kochetkov,G"]
[Black "Fatianova,T"]
[Result "1/2-1/2"]
[WhiteElo "2364"]
[BlackElo "2237"]

1.Nf3 d5 2.d4 Nf6 3.c4 dxc4 4.e3 e6 5.Bxc4 c5 6.O-O a6 7.dxc5 Bxc5 8.Qxd8+ Kxd8
9.a3 Ke7 10.b4 Bd6 11.Bb2 Nc6 12.Nbd2 b6 13.Be2 Bb7 14.Nc4 Bc7 15.Rfc1 Rac8
16.Nfe5  1/2-1/2

[Event "Open B"]
[Site "Djakovo CRO"]
[Date "2006.05.03"]
[Round "5"]
[White "Sertic,Ru"]
[Black "Iveljic,I"]
[Result "1-0"]
[WhiteElo "2327"]
[BlackElo "2247"]

1.Nf3 d5 2.d4 Nf6 3.c4 dxc4 4.e3 e6 5.Bxc4 c5 6.O-O Nc6 7.Nc3 a6 8.a4 Qc7
9.Qe2 Bd6 10.h3 O-O 11.Rd1 Bd7 12.dxc5 Bxc5 13.e4 Ne5 14.Bf4 Nxf3+ 15.Qxf3 Bxf2+
16.Qxf2 Qxc4 17.Rd4 Qc8 18.Bd6 Re8 19.e5 Nd5 20.Ne4 Bc6 21.Rf1 Rf8 22.Ng5 Qd7
23.Qc2 f5 24.exf6 gxf6 25.Bxf8 Rxf8 26.Qf2 Qe7 27.Rg4 Kh8 28.Nxh7 Rf7 29.Ng5 Rg7
30.Ne4 Rxg4 31.hxg4 Kg7 32.b3 Qf7 33.g5 f5 34.g4 f4 35.Qd4+ Kg6 36.Rf2 Ne3
37.Nd6 Qe7 38.Qxf4 Nxg4 39.Qxg4 Qxd6 40.Re2 Qc5+ 41.Kh2 Qd6+ 42.Kh3 Qd3+
43.Kh4 Bd5 44.Rf2 Kg7 45.Qf4 Qh7+ 46.Kg4 Qe4 47.Qxe4 Bxe4 48.Kf4 Bd5 49.b4 Bc6
50.b5 Kg6 51.Rh2 e5+ 52.Kxe5 Kxg5 53.Rf2  1-0

[Event "4th TCh-SCG"]
[Site "Vrnjacka Banja SCG"]
[Date "2006.05.03"]
[Round "3"]
[White "Ostojic,N"]
[Black "Radulski,J"]
[Result "1/2-1/2"]
[WhiteElo "2412"]
[BlackElo "2490"]

1.d4 d5 2.c4 dxc4 3.Nf3 Nf6 4.e3 e6 5.Bxc4 c5 6.Nc3 a6 7.a4 Qc7 8.d5 exd5
9.Nxd5 Nxd5 10.Bxd5 Be7 11.Bd2 Nc6 12.Bc3 O-O 13.O-O Bg4 14.Bxc6 bxc6 15.Qc2 Bxf3
16.gxf3 Rfd8 17.Kh1 Rd5 18.Rg1 g6 19.f4  1/2-1/2

[Event "IV Regina Helena Marques Prol"]
[Site "Santos BRA"]
[Date "2006.05.06"]
[Round "10"]
[White "Valiente,C"]
[Black "Bachmann,Ax"]
[Result "1/2-1/2"]
[WhiteElo "2289"]
[BlackElo "2414"]

1.Nf3 d5 2.d4 Nf6 3.c4 dxc4 4.e3 e6 5.Bxc4 c5 6.Nc3 a6 7.a4 Nc6 8.O-O cxd4
9.exd4 Be7 10.Be3 O-O 11.Qe2 b6 12.Rfd1 Nb4 13.Ne5 Bb7 14.Rac1 Nfd5 15.Bb3 Bg5
16.Bxg5 Qxg5 17.f3 Rfd8 18.Ne4 Nf4 19.Qf1 Qe7 20.g3 Nfd5 21.Qe2 Rac8 22.Qd2 h6
23.Rxc8 Rxc8 24.Rc1 Rxc1+ 25.Qxc1 Qd8 26.Qd2 Nc6 27.Nxc6 Bxc6 28.Kf2 Ne7
29.Nc3 Qd6 30.Qd3 Nf5 31.Ne2 Qd7 32.Qxa6 Nxd4 33.Qxb6 Nxf3 34.a5 Nxh2 35.Bc2 Ng4+
36.Ke1 g6 37.Qd4 Qxd4 38.Nxd4 Ne5 39.Nxc6  1/2-1/2

[Event "FSIMA May"]
[Site "Budapest HUN"]
[Date "2006.05.07"]
[Round "2"]
[White "Werner,Di"]
[Black "Sanchez,Lo"]
[Result "0-1"]
[WhiteElo "2333"]
[BlackElo "2284"]

1.d4 d5 2.Nf3 Nf6 3.c4 dxc4 4.e3 e6 5.Bxc4 c5 6.O-O a6 7.Bb3 b5 8.a4 b4 9.Nbd2 Bb7
10.e4 Be7 11.e5 Ne4 12.Nxe4 Bxe4 13.Be3 Nd7 14.d5 Bxf3 15.gxf3 c4 16.Bxc4 Nxe5
17.Bb3 exd5 18.Bxd5 O-O 19.f4 Ng6 20.a5 Rb8 21.Bc4 Qc8 22.Qe2 Bd6 23.Rfc1 Qh3
24.Qf1 Qh6 25.Bxa6 Nxf4 26.Qg2 Rfe8 27.Bxf4 Bxf4 28.Rc6 Bxh2+ 29.Kf1 Qh5
30.Bc4 Rbd8 31.f3 Bf4 32.a6 Rd2 33.Re1 Rxe1+ 34.Kxe1 Qh4+ 35.Kf1 Rd1+  0-1

[Event "FSIMB May"]
[Site "Budapest HUN"]
[Date "2006.05.12"]
[Round "7"]
[White "Schneider Zinner,H"]
[Black "Kahn,E"]
[Result "1/2-1/2"]
[WhiteElo "2388"]
[BlackElo "2289"]

1.d4 Nf6 2.Nf3 c5 3.e3 d5 4.c4 dxc4 5.Bxc4 e6 6.O-O a6 7.Bb3 Be7 8.dxc5 Qxd1
9.Rxd1 Bxc5 10.Nc3 b5 11.Bd2 Bb7 12.Rac1 Nbd7 13.a4 b4 14.Ne2 a5 15.Ne5 Ke7
16.Nxd7 Nxd7 17.f3 Rhc8 18.Nd4 Bxd4 19.exd4 Nb6 20.Rc5 Bd5 21.Bc2 Nd7 22.Rxc8 Rxc8
23.Rc1 b3 24.Bd3 Rxc1+ 25.Bxc1 Nb6 26.Bb5 Bc4 27.Bc6 Kd6 28.Be8 f5 29.Bd2 Ke7  1/2-1/2

[Event "ch-UKR sf"]
[Site "Alushta UKR"]
[Date "2006.05.13"]
[Round "1"]
[White "Sumets,A"]
[Black "Goroshchenko,D"]
[Result "0-1"]
[WhiteElo "2461"]
[BlackElo "2219"]

1.d4 d5 2.c4 dxc4 3.e3 Nf6 4.Bxc4 e6 5.Nf3 c5 6.O-O a6 7.dxc5 Bxc5 8.Qxd8+ Kxd8
9.Nbd2 b6 10.Be2 Bb7 11.Ne5 Ke7 12.Nd3 Bd6 13.Nc4 Bc7 14.b3 Rd8 15.Ba3+ Ke8
16.Rac1 Nc6 17.Rfd1 Rac8 18.Bf3 Ba8 19.Ndb2 Nd5 20.Na4 Rb8 21.Bxd5 exd5 22.Nd2 d4
23.exd4 Rxd4 24.Re1+ Kd8 25.Nf3 Rd7 26.Rcd1 f6 27.Bf8 Ne5 28.Nxe5 Bxe5 29.Bxg7 Rxd1
30.Rxd1+ Kc7 31.Bh6 Rg8 32.g3 Bf3 33.Rc1+ Kb7 34.Be3 Bc7 35.Rc3 Bc6 36.f3 h5
37.Kg2 h4 38.Bf2 f5 39.Kh3 Bd7 40.Kxh4 Rh8+ 41.Kg5 Rxh2 42.Rxc7+ Kxc7 43.Bxb6+ Kd6
44.Nc5 Rxa2 45.Nxd7 Kxd7 46.b4 Kc6 47.Ba5 Rc2 48.g4 fxg4 49.Kxg4 Kd6 50.Kg3 Ke6
51.Bd8 Rd2 52.Bb6 Rd7 53.Be3 Rg7+ 54.Kf2 Rb7 55.Bd2 Rh7 56.Ke3 Rd7 57.Ke2 Rd8
58.Ke3 Ke5 59.f4+ Kf5 60.Bc3 Rd1 61.Be5 Rb1 62.Bd6 Ke6 63.Bf8 Kf5 64.Kf3 Rf1+
65.Ke3 Rb1 66.Kf3 Rb3+ 67.Ke2 Ke4 68.Bd6 Rd3 69.Be7  0-1

[Event "ch-UKR sf"]
[Site "Alushta UKR"]
[Date "2006.05.21"]
[Round "9"]
[White "Borzov,D"]
[Black "Viliavin,R"]
[Result "1-0"]
[WhiteElo "2181"]
[BlackElo "2279"]

1.d4 d5 2.c4 dxc4 3.Nf3 Nf6 4.e3 e6 5.Bxc4 c5 6.O-O a6 7.a4 Nc6 8.Qe2 cxd4
9.Rd1 d3 10.Bxd3 Qc7 11.Nc3 Bd6 12.h3 b6 13.e4 Nd7 14.Be3 Bb7 15.Rac1 Nc5
16.Nd4 O-O 17.Bc4 Rfd8 18.Nb3 Nb4 19.Nxc5 Bxc5 20.b3 h6 21.f3 Qe5 22.Bxc5 bxc5
23.Qe3 Rxd1+ 24.Rxd1 Nc2 25.Qd2 Nd4 26.Kh1 Rd8 27.Ne2 Kh7 28.Qf4 Qxf4 29.Nxf4 Rc8
30.Ne2 Nc6 31.Rd7 Nd8 32.Nf4 Kg8 33.Nd3 Kf8 34.Nxc5 Rxc5 35.Rxd8+ Ke7 36.Rb8 Rc7
37.Kg1 Kd6 38.Kf2 Kc5 39.Ke3 a5 40.Rg8 g6 41.h4 Bc6 42.Kd3 Kb4 43.Rb8+ Rb7
44.Rxb7+ Bxb7 45.g4 Bc6 46.g5 hxg5 47.hxg5 Kc5 48.f4 Be8 49.Kc3 Bc6 50.f5 Bxe4
51.fxe6 fxe6 52.Bxe6 Bb1 53.Bg4 Be4 54.Be2 Bd5 55.Bc4 Bc6 56.Kd3 Bd7 57.Ke4 Bxa4
58.Bf7 Bb5 59.Bxg6 a4 60.bxa4 Bxa4 61.Ke5 Bd1 62.Kf6 Kd4 63.Bf7 Bc2 64.Be6 Ke3
65.Bf5 Bb3 66.g6 Kf4 67.Be6 Bc2 68.g7 Bh7 69.Bb3 Kg4 70.Kf7 Kh5 71.Kf8 Kh6  1-0

[Event "9th L.Kaplun Mem"]
[Site "Ternopil UKR"]
[Date "2006.05.25"]
[Round "3"]
[White "Privalov,Y"]
[Black "Kalinina,L"]
[Result "1/2-1/2"]
[WhiteElo "2271"]
[BlackElo "2124"]

1.d4 d5 2.c4 dxc4 3.Nf3 Nf6 4.e3 e6 5.Bxc4 c5 6.O-O a6 7.dxc5 Bxc5 8.Qxd8+ Kxd8
9.Rd1+ Ke7 10.a4 b6 11.Bd2 Ne4 12.Be1 Nd7 13.Nc3 Bb7 14.Bd3 Nxc3 15.Bxc3 Nf6
16.Rac1 Rhd8 17.Be2 Rxd1+ 18.Rxd1 Rd8 19.Rxd8 Kxd8 20.Nd2 Bc6 21.Bxa6 Bxa4
22.Bd3 Ke7 23.Ne4 Nxe4 24.Bxe4 f5 25.Bd3 g6 26.Kf1 Bd6 27.h3 e5 28.e4 Bd7
29.Ke2 b5 30.b4 Kd8 31.f3 f4  1/2-1/2

[Event "Summer-1"]
[Site "Alushta UKR"]
[Date "2006.06.05"]
[Round "6"]
[White "Sumets,A"]
[Black "Kononenko,Dmitry1"]
[Result "1/2-1/2"]
[WhiteElo "2461"]
[BlackElo "2472"]

1.d4 d5 2.c4 dxc4 3.Nf3 Nf6 4.e3 e6 5.Bxc4 c5 6.O-O a6 7.dxc5 Bxc5 8.Qxd8+ Kxd8
9.Nbd2 Bd7 10.a3 Bc6 11.b4 Ba7 12.Bb2 Nbd7 13.Nd4 Bd5  1/2-1/2

[Event "FSGM June"]
[Site "Budapest HUN"]
[Date "2006.06.09"]
[Round "6"]
[White "Fodor,T jr"]
[Black "Seres,L"]
[Result "1/2-1/2"]
[WhiteElo "2383"]
[BlackElo "2400"]

1.d4 d5 2.c4 dxc4 3.e3 Nf6 4.Bxc4 e6 5.Nf3 c5 6.O-O a6 7.Be2 Nc6 8.dxc5 Qxd1
9.Rxd1 Bxc5 10.b3 Bd7 11.Nc3 Rd8 12.Bb2 O-O 13.Rac1 Bc8 14.Nd2 Be7 15.h3 Nb4
16.Nc4 b5 17.Ne5 Bb7 18.a4 bxa4 19.Nxa4 Bd5 20.Bc4  1/2-1/2

[Event "Summer-1"]
[Site "Alushta UKR"]
[Date "2006.06.10"]
[Round "12"]
[White "Sumets,A"]
[Black "Tishin,D"]
[Result "1-0"]
[WhiteElo "2461"]
[BlackElo "2316"]

1.Nf3 d5 2.d4 Nf6 3.c4 dxc4 4.e3 e6 5.Bxc4 c5 6.O-O a6 7.Bb3 b5 8.a4 b4 9.e4 Nxe4
10.d5 Be7 11.Re1 Nf6 12.dxe6 Bxe6 13.Qxd8+ Bxd8 14.Ng5 O-O 15.Nxe6 fxe6 16.Rxe6 Kh8
17.Be3 Nbd7 18.Nd2 Ng4 19.Nc4 Bf6 20.Rd1 Nxe3 21.fxe3 Ra7 22.a5 h6 23.Ba4 Nb8
24.Rdd6 Rc7 25.g3 Kh7 26.h4 h5 27.Kg2 Rd8 28.Rxf6  1-0

[Event "Summer-1"]
[Site "Alushta UKR"]
[Date "2006.06.11"]
[Round "14"]
[White "Sumets,A"]
[Black "Podgursky,S"]
[Result "1-0"]
[WhiteElo "2461"]
[BlackElo "2314"]

1.d4 d5 2.c4 dxc4 3.Nf3 Nf6 4.e3 e6 5.Bxc4 c5 6.O-O Nc6 7.Qe2 cxd4 8.Rd1 Be7
9.Nc3 O-O 10.Nxd4 Qc7 11.Nxc6 bxc6 12.e4 c5 13.e5 Nd7 14.Bf4 a6 15.Bd3 Nb6
16.Qg4 Re8 17.Ne4 Kh8 18.Nf6 Rd8 19.Qh4  1-0

[Event "Masters"]
[Site "Las Vegas USA"]
[Date "2006.06.11"]
[Round "3"]
[White "Antic,De"]
[Black "Savage,B"]
[Result "1-0"]
[WhiteElo "2491"]
[BlackElo "2310"]

1.d4 d5 2.c4 dxc4 3.Nf3 Nf6 4.e3 e6 5.Bxc4 c5 6.O-O a6 7.Bb3 b5 8.a4 b4 9.Nbd2 Bb7
10.e4 Be7 11.e5 Nfd7 12.Nc4 cxd4 13.Nxd4 O-O 14.Qg4 Kh8 15.Rd1 Bd5 16.Bf4 Nc5
17.Ne3 Bxb3 18.Nxb3 Nbd7 19.Nxc5 Bxc5 20.Nc4 Qc7 21.Rac1 Qa7 22.Qh4 Rfc8
23.Bg3 Nb6 24.Nd6 Bxd6 25.exd6 Nd5 26.Rc7 Rxc7 27.dxc7 Qc5 28.Qd8+ Qf8 29.Qb8 h6
30.Rc1 Qc8 31.Qxa8  1-0

[Event "II Perla Baltyku"]
[Site "Mielno POL"]
[Date "2006.06.22"]
[Round "3"]
[White "Gajdzica,M"]
[Black "Kusina,J"]
[Result "0-1"]
[WhiteElo "2034"]
[BlackElo "2128"]

1.d4 d5 2.c4 dxc4 3.Nf3 Nf6 4.e3 e6 5.Bxc4 c5 6.O-O a6 7.Re1 Nc6 8.Nc3 b5
9.Bf1 Bb7 10.a4 b4 11.Ne2 Bd6 12.Ng3 O-O 13.Qc2 Qe7 14.e4 Bxg3 15.hxg3 Nxd4
16.Nxd4 cxd4 17.e5 Nd7 18.Bd3 h6 19.Bd2 a5 20.Qc7 Ba6 21.Bxa6 Rxa6 22.Rac1 Rfa8
23.Rc4 R6a7 24.Qc6 Ra6 25.Qb7 R6a7 26.Qb5 Rb8 27.Qc6 Rb6 28.Qc8+ Qf8 29.Re4 Rb8
30.Qxf8+ Kxf8 31.f4 Nb6 32.Rc6 Nxa4 33.b3 Nc3  0-1

[Event "FSGM July"]
[Site "Budapest HUN"]
[Date "2006.07.02"]
[Round "2"]
[White "Le Quang,K"]
[Black "Berg,K"]
[Result "1/2-1/2"]
[WhiteElo "2315"]
[BlackElo "2393"]

1.d4 Nf6 2.Nf3 d5 3.c4 dxc4 4.e3 e6 5.Bxc4 c5 6.O-O a6 7.Bb3 cxd4 8.exd4 Nc6
9.Nc3 Be7 10.Bg5 O-O 11.Rc1 Na5 12.Bc2 b5 13.Qd3 g6 14.Ne5 Bb7 15.Bh6 Re8
16.Rfe1 Rc8 17.a3 Nc4 18.Nxc4 Rxc4 19.Rcd1 Qd6 20.Bb3 Rcc8 21.Qh3 Bd5 22.Nxd5 Nxd5
23.Qf3 Red8 24.g3 Rd7 25.h4 Bf8 26.Bxf8 Qxf8 27.h5 Nb6 28.hxg6 hxg6 29.Kg2 Rcd8
30.Re4 Nc4 31.Bxc4 bxc4 32.Rh4 Qg7 33.Qc6 g5 34.Re4 Qh7 35.f3 Rb8 36.b4 Rdd8
37.Qxc4 a5 38.Re5 Rd5 39.Rxd5 exd5 40.Qd3 axb4 41.Qxh7+ Kxh7 42.Rb1 b3 43.Rb2 Rc8
44.Rxb3 Rc2+ 45.Kh3 Kg6 46.g4 Kf6 47.Rd3 Ra2 48.Kg3 Ke6 49.f4 f6 50.Kf3 gxf4
51.Kxf4 Rf2+ 52.Kg3 Ra2 53.Kf3 Kf7 54.Rb3 Ke6 55.Rb6+ Ke7 56.Ra6 Rd2 57.Ke3 Rg2
58.Kf3 Rd2 59.Ra4 Ke6 60.Ke3 Rg2  1/2-1/2

[Event "FSIM July"]
[Site "Budapest HUN"]
[Date "2006.07.03"]
[Round "3"]
[White "Dean,J"]
[Black "Shanmugam,R"]
[Result "1/2-1/2"]
[WhiteElo "2232"]
[BlackElo "2156"]

1.d4 d5 2.c4 dxc4 3.Nf3 e6 4.e3 c5 5.Bxc4 Nf6 6.O-O Nc6 7.Qe2 cxd4 8.Rd1 Be7
9.exd4 O-O 10.Nc3 Nb4 11.Ne5 a6 12.a3 Nbd5 13.Bg5 h6 14.Bh4 Nxc3 15.bxc3 Bd7
16.Rd3 b5 17.Bb3 Ra7 18.Rg3 Nd5 19.Bxe7 Qxe7 20.Qg4 f5 21.Qf3 Qd6 22.Re1 Rc7
23.c4 bxc4 24.Bxc4 Bb5 25.Bxd5 Qxd5 26.Qf4 Kh7 27.Ng6 Rfc8 28.h4 Rd7 29.Rc1 Rcd8
30.Rc7 Qxd4 31.Nf8+ Rxf8 32.Qxd4 Rxc7 33.Qe5 Re7 34.h5 Rfe8 35.Rg6 Bc4 36.g4 fxg4
37.Qe4 Bd5 38.Rxh6+ Kg8 39.Qh7+ Kf8 40.Rg6 Rf7 41.h6 gxh6 42.Qxh6+ Ke7 43.Rxg4 Ref8
44.Rg7 Kd6 45.Rxf7 Rxf7 46.Qe3 Rc7 47.Qf4+ Kc6 48.Qf8 Rb7 49.Kh2 Rb3 50.f4 Rf3
51.Qc8+ Kb6 52.Qb8+ Kc6 53.Qb4 Rb3 54.Qf8 Rf3 55.a4 Kb6 56.Qb4+ Kc6 57.Qd4 Ra3
58.f5 Ra2+ 59.Kg3 exf5 60.Qf6+  1/2-1/2

[Event "FSGM July"]
[Site "Budapest HUN"]
[Date "2006.07.04"]
[Round "4"]
[White "Pedersen,Nic"]
[Black "Berg,K"]
[Result "1/2-1/2"]
[WhiteElo "2513"]
[BlackElo "2393"]

1.d4 d5 2.c4 dxc4 3.Nf3 Nf6 4.e3 e6 5.Bxc4 c5 6.O-O a6 7.Bb3 cxd4 8.exd4 Nc6
9.Nc3 Be7 10.Re1 O-O 11.a3 Na5 12.Bc2 b5 13.d5 exd5 14.Nd4 Qd6 15.Qd3 Be6
16.Nf5 Bxf5 17.Qxf5 g6 18.Qf3 Nc6 19.Rd1 d4 20.Ne2  1/2-1/2

[Event "Pivdenny Bank Geller Mem"]
[Site "Odessa UKR"]
[Date "2006.07.04"]
[Round "8"]
[White "Drozdovskij,Y"]
[Black "Bogdanovich,S"]
[Result "0-1"]
[WhiteElo "2550"]
[BlackElo "2190"]

1.d4 d5 2.c4 dxc4 3.Nf3 Nf6 4.e3 c5 5.Bxc4 e6 6.O-O Nc6 7.Qe2 cxd4 8.Rd1 Be7
9.exd4 O-O 10.Nc3 Na5 11.Bd3 b6 12.Qe5 Bb7 13.Qg3 g6 14.Bh6 Re8 15.Ne5 Nh5
16.Qe3 Bf8 17.Bb5 Bxh6 18.Qxh6 Re7 19.Rac1 Rc8 20.Qe3 Nf6 21.b4 Nc6 22.a3 Rec7
23.Bf1 Ne7 24.Ne2 Nf5 25.Qf4 Rxc1 26.Rxc1 Nd5 27.Qd2 Rxc1 28.Qxc1 Qc7 29.Qxc7 Nxc7
30.g4 Nd6 31.Nc3 Nd5 32.Nb5 Nxb5 33.Bxb5 Kf8 34.Kf1 f6 35.Nd3 Nc3 36.Bc4 Bd5
37.Bxd5 Nxd5 38.Ke1 Nc3 39.Nf4 Ke7 40.Ne2 Nxe2 41.Kxe2 Kd6 42.b5 Kd5 43.Kd3 e5
44.dxe5 Kxe5 45.Ke3 Kd5 46.Kf4 Kc5 47.g5 fxg5+ 48.Kxg5 Kxb5 49.Kh6 Ka4 50.Kxh7 Kxa3
51.Kxg6 b5 52.f4 b4 53.f5 b3 54.f6 b2 55.f7 b1=Q+ 56.Kg7 Qg1+ 57.Kf6 Qc5
58.h4 Qf8 59.Kg6 Kb4 60.h5 Kc5 61.h6 Kd6  0-1

[Event "DS IM"]
[Site "Brno CZE"]
[Date "2006.07.06"]
[Round "8"]
[White "Cerveny,M"]
[Black "Bartos,J"]
[Result "1/2-1/2"]
[WhiteElo "2231"]
[BlackElo "2196"]

1.d4 d5 2.c4 dxc4 3.Nf3 Nf6 4.e3 e6 5.Bxc4 c5 6.O-O a6 7.a4 Nc6 8.Nc3 Be7
9.Qd3 O-O 10.Rd1 cxd4 11.exd4 Nb4 12.Qe2 Re8 13.Ne5 Bd7 14.Bb3 Rc8 15.Qf3 Bc6
16.Qh3 Bd5 17.Nxd5 Nbxd5 18.Bd2 Qb6 19.Qd3 Nb4 20.Bxb4 Bxb4 21.Qe3 Bf8  1/2-1/2

[Event "35th TCh-GRE"]
[Site "Ermioni GRE"]
[Date "2006.07.07"]
[Round "6"]
[White "Botsari,A"]
[Black "Dimitriadi,A"]
[Result "1-0"]
[WhiteElo "2372"]
[BlackElo "2015"]

1.d4 d5 2.c4 dxc4 3.Nf3 Nf6 4.e3 e6 5.Bxc4 c5 6.O-O a6 7.b3 Nc6 8.Bb2 cxd4
9.Nxd4 Nxd4 10.Bxd4 Be7 11.Nd2 O-O 12.Be2 b5 13.a4 Bb7 14.Bf3 Bxf3 15.Nxf3 Qd5
16.Be5 Rfc8 17.Qxd5 Nxd5 18.axb5 axb5 19.Nd4 b4 20.Nb5 f6 21.Bd4 Rxa1 22.Bxa1 Rc5
23.Nd4 Kf7 24.Re1 e5 25.Ne2 Ke6 26.Rc1 Rxc1+ 27.Nxc1 Nc3 28.Kf1 Nb5 29.Ke2 Kd5
30.f3 Na7 31.Kd3 Nc6 32.e4+ Kc5 33.Ne2 Kb5 34.g3 g5 35.h3 Na5 36.Kc2 Bc5
37.f4 Nc6 38.fxg5 fxg5 39.Kd3 Na5 40.Bxe5 Nxb3 41.Bf6 Bf2 42.Be7 Nc5+ 43.Bxc5 Kxc5
44.g4 h6 45.Nc1 Bg3 46.Nb3+ Kd6 47.Nd4 Ke5 48.Nc6+ Ke6 49.Nxb4 Be5 50.Nc6 Bg7
51.Ke3 Bf6 52.Nd4+ Kf7 53.Nf5 Kg6 54.Kd3 h5 55.Kc4 hxg4 56.hxg4 Be5 57.Kd5 Kf6
58.Nd6 Bc3 59.e5+ Bxe5 60.Ne4+ Kg7 61.Kxe5 Kg6 62.Ke6  1-0

[Event "3rd South Wales Int"]
[Site "Caerleon WLS"]
[Date "2006.07.08"]
[Round "1"]
[White "Cobb,J"]
[Black "Player,E"]
[Result "1-0"]
[WhiteElo "2370"]
[BlackElo "2131"]

1.d4 d5 2.c4 dxc4 3.e3 Nf6 4.Bxc4 e6 5.Nf3 c5 6.O-O a6 7.Bb3 Nc6 8.Qe2 cxd4
9.Rd1 Be7 10.exd4 O-O 11.Nc3 Nb4 12.Bg5 Nbd5 13.Ne5 Qd6 14.Rac1 Bd7 15.Bh4 Be8
16.Bg3 Qd8 17.Qf3 Rc8 18.h3 b5 19.Nxd5 Nxd5 20.Rxc8 Qxc8 21.Bxd5 exd5 22.Qxd5 Qc2
23.Re1 Bb4 24.Re3 Qxb2 25.Nd3 Qb1+ 26.Kh2 Bd2 27.Rf3 Qc2 28.Ne5 Qc8 29.Qd6 Qe6
30.Qc5 Qxa2 31.Ra3 Qb1 32.Rxa6 Bb4 33.Qd5 Qf5 34.Ra8 Be7 35.Nc6 Qf6 36.Nxe7+ Qxe7
37.Bd6 Qd7 38.Qc5 Qb7 39.Ra1  1-0

[Event "II Balazs-Diak Cup U-18"]
[Site "Balatonlelle HUN"]
[Date "2006.07.09"]
[Round "9"]
[White "Gonda,L"]
[Black "Bednay,B"]
[Result "1-0"]
[WhiteElo "2465"]
[BlackElo "2169"]

1.d4 d5 2.c4 dxc4 3.Nf3 Nf6 4.e3 e6 5.Bxc4 c5 6.O-O Be7 7.Qe2 cxd4 8.Rd1 Nc6
9.exd4 O-O 10.a3 Nd5 11.Nc3 Nxc3 12.bxc3 Qc7 13.h4 b6 14.Bd3 Bb7 15.Ng5 Bxg5
16.hxg5 Ne7 17.c4 Rfd8 18.Qg4 Ng6 19.Be3 Rac8 20.f3 e5 21.d5 b5 22.Rac1 bxc4
23.Bf5 Ra8 24.Rxc4 Qa5 25.d6 e4 26.Bxe4 Bxe4 27.Qxe4 Qxa3 28.d7 Rab8 29.Rc7 Nf8
30.Rxa7 Qb3 31.Qd3 Qe6 32.Bc5 Qc6 33.Qd5 Qb5 34.Bf2 Qxd5 35.Rxd5 Ne6 36.Bg3 Rb6
37.Bd6 Rxd6 38.Rxd6 Kf8 39.Rd5 Ke7 40.Kf2 Nf8 41.Ke3 Rxd7 42.Rdxd7+ Nxd7
43.Ke4 Ke6 44.Ra6+ Ke7 45.Kd5 f6 46.Ra7 Ke8 47.Kd6  1-0

[Event "XXIV Andorra Open"]
[Site "Andorra la Vella AND"]
[Date "2006.07.13"]
[Round "6"]
[White "Khenkin,I"]
[Black "Ibarra Jerez,JC"]
[Result "1-0"]
[WhiteElo "2586"]
[BlackElo "2445"]

1.d4 d5 2.c4 dxc4 3.Nf3 e6 4.e3 Nf6 5.Bxc4 c5 6.O-O a6 7.Bd3 Nc6 8.Nc3 Qc7
9.a3 Bd6 10.dxc5 Bxc5 11.b4 Bd6 12.Bb2 Ne5 13.Rc1 Nxd3 14.Qxd3 Qe7 15.Rfd1 Bc7
16.Ne4 Nxe4 17.Qxe4 O-O 18.Ng5 Bxh2+ 19.Kxh2 Qxg5 20.Rc5 Qg6 21.Qh4 f6 22.Rc7 e5
23.e4 b5 24.Rd3 Qe8 25.f4 exf4 26.e5 Bf5 27.exf6 Rf7 28.Rxf7 Qxf7 29.Rf3 gxf6
30.Rxf4 Bg6 31.Rxf6 Qc7+ 32.Kg1 Qa7+ 33.Bd4 Qd7 34.Rxg6+ hxg6 35.Qh8+ Kf7
36.Qg7+ Ke8 37.Qxg6+ Kd8 38.Qe4 Rb8 39.g4 Rb7 40.g5 Kc8 41.g6 Qd8 42.g7 Qg5+
43.Qg2 Qc1+ 44.Kh2 Qf4+ 45.Qg3 Qd2+ 46.Kh3 Qh6+ 47.Qh4 Qg6 48.Qg4+ Qxg4+
49.Kxg4 Rxg7+ 50.Bxg7 a5  1-0

[Event "6th TCh-Euro u18 Girls"]
[Site "Balatonlelle HUN"]
[Date "2006.07.16"]
[Round "5"]
[White "Ignacz,M"]
[Black "Yakovich,Yul"]
[Result "1-0"]
[WhiteElo "2255"]
[BlackElo "2126"]

1.d4 d5 2.c4 dxc4 3.Nf3 Nf6 4.e3 e6 5.Bxc4 c5 6.Qe2 a6 7.dxc5 Bxc5 8.O-O Nbd7
9.e4 b5 10.Bb3 Bb7 11.e5 Ng4 12.Bf4 Bxf3 13.gxf3 Nh6 14.Nc3 Nf5 15.Ne4 Nd4
16.Qd1 O-O 17.Kh1 Nxb3 18.axb3 Qb6 19.Rg1 Rfd8 20.Qf1 Bd4 21.Qg2 g6 22.Bg5 Bxe5
23.Bxd8 Rxd8 24.Rad1 Bd4 25.Qh3 Rc8 26.Qh4 e5 27.Qe7 Nf8 28.Rc1 Rxc1 29.Rxc1 Qe6
30.Nf6+ Kg7 31.Ne8+ Kg8 32.Qxe6 Nxe6 33.Rc8 Kf8 34.Nc7+ Ke7 35.Nxa6 Bxf2
36.Rc2 Bd4 37.Nc7 Nc5 38.Nxb5 Nxb3 39.Kg2 Ke6 40.Rc7 Bxb2 41.Rb7 Bd4 42.Nc7+ Kd7
43.Na6+  1-0

[Event "US Junior"]
[Site "Dallas USA"]
[Date "2006.07.20"]
[Round "9"]
[White "Banawa,Joe"]
[Black "Coraretti,B"]
[Result "1-0"]
[WhiteElo "2260"]
[BlackElo "1974"]

1.d4 d5 2.c4 dxc4 3.Nf3 Nf6 4.e3 e6 5.Bxc4 c5 6.O-O a6 7.Bb3 Nc6 8.Nc3 Be7
9.Qe2 cxd4 10.Rd1 e5 11.exd4 exd4 12.Nxd4 Nxd4 13.Qe5 Qd6 14.Qxd6 Bxd6 15.Rxd4 Be5
16.Rd1 O-O 17.Be3 Bf5 18.h3 Rac8 19.Rac1 Rfd8 20.f4 Rxd1+ 21.Rxd1 Bc7 22.g4 Re8
23.Kf2 Bc8 24.g5 Ne4+ 25.Nxe4 Rxe4 26.Bd5 Re7 27.Bg2 h6 28.gxh6 gxh6 29.Bd5 Rd7
30.Rg1+ Kf8 31.Be4 Rd6 32.Rc1 Rd7 33.Kf3 b5 34.Bf5 Bb7+ 35.Kf2 Re7 36.Bc5 Bxf4
37.Rd1  1-0

[Event "Sunny Pawn B"]
[Site "Illichevsk UKR"]
[Date "2006.07.20"]
[Round "1"]
[White "Kalinin,O"]
[Black "Bogdanovich,S"]
[Result "1/2-1/2"]
[WhiteElo "2354"]
[BlackElo "2190"]

1.d4 d5 2.c4 dxc4 3.Nf3 Nf6 4.e3 e6 5.Bxc4 c5 6.O-O Nc6 7.Nc3 Be7 8.a3 O-O
9.dxc5 Qxd1 10.Rxd1 Bxc5 11.b4 Be7 12.Bb2 a6 13.b5 Na5 14.Be2 Nb3 15.Rab1 Nc5
16.Ne5 Bd7 17.a4 Rfd8 18.Ba3 axb5  1/2-1/2

[Event "Canadian Open"]
[Site "Kitchener CAN"]
[Date "2006.07.22"]
[Round "8"]
[White "Peng,D"]
[Black "Milicevic,G"]
[Result "1-0"]
[WhiteElo "2170"]
[BlackElo "2305"]

1.d4 e6 2.Nf3 d5 3.c4 dxc4 4.e3 Nf6 5.Bxc4 c5 6.O-O a6 7.Nc3 cxd4 8.exd4 b5
9.Bb3 Bb7 10.Bg5 Be7 11.Qe2 O-O 12.Rfd1 Ra7 13.Rac1 Nbd7 14.Ne5 Nd5 15.Bxe7 Nxc3
16.Rxc3 Qxe7 17.Rc7 Bf3 18.Nxf3 Rxc7 19.d5 Qe8 20.dxe6 fxe6 21.Qxe6+ Kh8
22.Ng5 Ne5 23.Qh3 Qg6 24.Ne6 Rcf7 25.Nxf8 Rxf8 26.Qe6 Qg5 27.Bd5 Qf4 28.f3 h5
29.h3 Qg3 30.Be4 h4 31.Qxa6 Qg5 32.Kh1 b4 33.Qd6 Qf4 34.Qxb4 g6 35.Qd2 Qf6  1-0

[Event "XLVIII TCh-POR"]
[Site "Evora POR"]
[Date "2006.07.23"]
[Round "2"]
[White "Frois,A"]
[Black "Guerra,Vi"]
[Result "1-0"]
[WhiteElo "2320"]
[BlackElo "2215"]

1.d4 d5 2.c4 dxc4 3.Nf3 Nf6 4.e3 c5 5.Bxc4 e6 6.O-O Nc6 7.Qe2 cxd4 8.Rd1 Bd7
9.exd4 Be7 10.Nc3 O-O 11.a3 a6 12.Ba2 Qc7 13.Bg5 Rfe8 14.Rac1 Rad8 15.Ne5 Nd5
16.Nxd5 exd5 17.Bxe7 Rxe7 18.Bxd5 Nxd4 19.Rxc7 Nxe2+ 20.Kf1 Rxe5 21.Bc4 Re7
22.Bxe2 Kf8 23.Rxb7 Ke8 24.Bxa6 Ra8 25.Rbxd7  1-0

[Event "Summer Cup"]
[Site "Litohoro GRE"]
[Date "2006.07.28"]
[Round "7"]
[White "Banikas,H"]
[Black "Kapnisis,S"]
[Result "1/2-1/2"]
[WhiteElo "2576"]
[BlackElo "2419"]

1.d4 d5 2.c4 dxc4 3.e3 Nf6 4.Bxc4 e6 5.Nf3 c5 6.O-O a6 7.b3 cxd4 8.Nxd4 Bd7
9.Bb2 Nc6 10.Nf3 Be7 11.e4 Na5 12.Bd3 Bb5 13.Bxb5+ axb5 14.Qe2 Qb6 15.Nc3 b4
16.Na4 Qa6 17.Qxa6 Rxa6 18.Rac1 O-O 19.e5 Nd5 20.Nd4 Rd8 21.g3 Raa8 22.Rc2 h5
23.h4 Kh7 24.Kg2 Rab8 25.Nb5 Nc6 26.Re1 Ra8 27.Re4 Ra5 28.Nd4 Nb8 29.Ree2 Nd7
30.Bc1 Nc5 31.Nxc5 Bxc5 32.Bb2 Bb6 33.Ba1 Bxd4 34.Bxd4 Kg6 35.Ba1 Ra6 36.Kf3 Kf5
37.Red2 Rda8 38.Bd4 Rg8 39.Re2 Raa8 40.Rc4 g5 41.hxg5 Rxg5 42.Ba1 Rg4 43.Rc1 h4
44.Rh1 Rag8 45.Rh3 Rd8 46.Re1 hxg3  1/2-1/2